书目信息 |
| 题名: |
编织手链
|
|
| 作者: | 云雨 编 | |
| 分册: | ||
| 出版信息: | 西安 陕西旅游出版社 2002 |
|
| 页数: | 48页 | |
| 开本: | 17×19cm | |
| 丛书名: | 《美劳广场》丛书 | |
| 单 册: | ||
| 中图分类: | TS943.6-64 | |
| 科图分类: | ||
| 主题词: | 鞋--制作--图集 | |
| 电子资源: | ||
| ISBN: | 7-5418-1217-X | |
| 000 | 00751oam2 2200241 450 | |
| 001 | 1569833786 | |
| 005 | 20150119192425.31 | |
| 010 | @a7-5418-1217-X@dCNY8.60 | |
| 100 | @a20021125d2002----em-y0chiy0110----ea | |
| 101 | 0 | @achi |
| 102 | @aCN@b610000 | |
| 105 | @aa---z---000yy | |
| 200 | 1 | @a编织手链@Abian zhi shou lian@9xie zi te ji@f云雨编 |
| 210 | @a西安@c陕西旅游出版社@d2002 | |
| 215 | @a48页@d17×19cm | |
| 225 | 2 | @a《美劳广场》丛书@v1 |
| 330 | @a本书涵盖了多种多样的鞋,有拖鞋、布鞋、塑胶鞋、凉鞋、婴儿鞋乃至鞋套等,以图讲授这些鞋的编织及刺绣方法。 | |
| 461 | 0 | @12001 @a《美劳广场》丛书 |
| 606 | 0 | @a鞋@x制作@j图集 |
| 690 | @aTS943.6-64@v5 | |
| 701 | 0 | @a云雨@9yun yu@4编 |
| 801 | 0 | @aCN@bTSSF@c20150119 |
| 905 | @aZUCC@dTS943.6-64@eJY1 | |
| 编织手链/云雨编.-西安:陕西旅游出版社,2002 |
| 48页;17×19cm.-(《美劳广场》丛书;1) |
| ISBN 7-5418-1217-X:CNY8.60 |
| 本书涵盖了多种多样的鞋,有拖鞋、布鞋、塑胶鞋、凉鞋、婴儿鞋乃至鞋套等,以图讲授这些鞋的编织及刺绣方法。 |
| ● |
| 相关链接 |
|
|
|
|
正题名:编织手链
索取号:TS943.6-64/JY1
 
预约/预借
| 序号 | 登录号 | 条形码 | 馆藏地/架位号 | 状态 | 备注 |
| 1 | 7847508 | 278475080 | 学院路分馆/ [索取号:TS943.6-64/JY1] | 在馆 |